Countries That Produce The Most Cement - Statistics

General Stats
  • This quiz has been taken 96 times
  • The average score is 9 of 15
Answer Stats
% Of Total Produced Country % Correct
3.04% China
100%
4.60% Germany
84%
4.40% Canada
76%
2.13% France
76%
3.12% Japan
75%
3.02% Spain
73%
8.18% Turkey
68%
2.48% Indonesia
66%
2.31% South Korea
63%
2.23% Pakistan
59%
5.80% Thailand
57%
11.4% Vietnam
54%
2.12% Saudi Arabia
47%
4.36% United Arab Emirates
34%
2.16% Ireland
15%
No matching quizzes found
Score Distribution
Percent of People with Each Score
Percentile by Number Answered
Your Score History
You have not taken this quiz